000 00827nam a2200241 a 4500
001 72448
003 UkOxU
005 20211209082248.0
008 830413s1961 enkaf b 001 0 eng d
035 _aOCLC ocm09404048 from D971006M
040 _aGZQ
_cGZQ
_dUKM
_dEQO
_beng
041 _aeng
082 0 4 _a570
_223
_bMOC 1961
090 _aQH305
_b.M6 1961
100 1 _aMoore, Ruth
_d1908-1989.
_9218991
245 1 4 _aThe coil of life :
_bthe story of the great discoveries in the life sciences /
_cby Ruth Moore ; drawings by Patricia M. Jackson.
260 _aLondon :
_bConstable,
_cc1961.
300 _axv, 418, viii p., [8] p. of plates :
_bill. ;
_c22 cm.
504 _aIncludes bibliographical references and index.
650 0 _aBiology
_xHistory.
_9218992
700 1 _aJackson, Patricia M.
_9218993
942 _2ddc
_cBK
999 _c72448
_d72448